=LDR 00000nam 2200000 4500 =001 INLIS000000000031874 =005 20130612133922 =008 ***********************************ind** =035 ##$$a0010-061300000031874 =041 ##$$a ind =082 ##$$a 372.3 =090 ##$$a 372.3, Pur, e =100 ##$$a PURWANTO =245 ##$$a Ensiklopedi Fisika 4 , Materi dan Wujud Zat , Purwanto,Ready Susanto,M.Insan Kamil =260 ##$$a 2008 $b Bandung =300 ##$$a 63 hlm. , Illus. , 28 cm =650 ##$$a PENDIDIKAN DASAR-FISIKA =700 ##$$a SUASNTO,Ready =850 ##$$a NBPNMAT =990 ##$$a 91229/BPAP-NTB/2014 =990 ##$$a 21400613/BPAP-NTB/20142014